000
00264nam a22000977a 4500
041
_a
eng
080
_a
80
100
_a
Амосова, Н. Н.
245
_a
Етомологічні основи словарного складу суч. англ. м
999
_c
280508
_d
280508
942
_c
BK